000
00212 a2200097 4500
001
51225
100
_a
Cheung W S
245
_a
Microwaves Made Simple
260
_a
New York
_b
P H Inc.
_c
090
_c
32417
_d
32417
942
_a
NUST-CAE
_c
M
_c
24911
999
_c
286298
_d
286298